000
00276nam a22001217a 4500
041
_a
ENG
100
_a
Raja Dixit
245
_a
Pracheen ani Madhyayugin bharatacha Etihas
260
_a
Pune
_b
Nirali Prakashan
_c
2001
300
_a
218
650
_a
Marathi
856
_u
Marathi
999
_c
3254
_d
3254